| 000 | 00693nam a2200253Ia 4500 | ||
|---|---|---|---|
| 003 | OSt | ||
| 005 | 20220927105640.0 | ||
| 006 | a|||||r|||| 00| 0 | ||
| 007 | ta | ||
| 008 | 220926b |||||||| |||| 00| 0 eng d | ||
| 020 | _a0842401148 | ||
| 024 | _a179209 | ||
| 037 | _cReference Collections | ||
| 040 |
_aRTL _cRTL _beng |
||
| 041 |
_2eng _aeng |
||
| 082 | _a"X:3M, L9/SC" | ||
| 100 |
_aYUNKER James A _9373908 |
||
| 245 | 0 | _aSociolism in the free market | |
| 260 |
_aNew _bYork Nellen publishing co. _c1979 |
||
| 300 |
_a268p. _ccm. |
||
| 500 | _aBibliography :P.245-260 | ||
| 942 |
_h"X:3M, L9/SC" _cCC |
||
| 999 |
_c693608 _d693608 |
||